Learning Resource and Development

Shedding light on the long shadow of bullying / (Record no. 31565)

MARC details
000 -LEADER
fixed length control field 01939nam a2200337 i 4500
003 - CONTROL NUMBER IDENTIFIER
control field CSPC
005 - DATE AND TIME OF LATEST TRANSACTION
control field 20260126121018.0
008 - FIXED-LENGTH DATA ELEMENTS--GENERAL INFORMATION
fixed length control field 260121s2018 ph 000 0 eng d
010 ## - LIBRARY OF CONGRESS CONTROL NUMBER
LC control number 2019349540
020 ## - INTERNATIONAL STANDARD BOOK NUMBER
International Standard Book Number 9789711504960
035 ## - SYSTEM CONTROL NUMBER
System control number (OCoLC)1103537910
040 ## - CATALOGING SOURCE
Original cataloging agency CSPC
Language of cataloging eng
Transcribing agency CSPC
Description conventions rda
050 00 - LIBRARY OF CONGRESS CALL NUMBER
Classification number KPM1611
Item number .B34 2018
082 04 - DEWEY DECIMAL CLASSIFICATION NUMBER
Classification number 342.599
Item number B147s
100 1# - MAIN ENTRY--PERSONAL NAME
Personal name Baguilat, Raymond Marvic C.,
Relator term author.
245 10 - TITLE STATEMENT
Title Shedding light on the long shadow of bullying /
Statement of responsibility, etc. Raymond Marvic C. Baguilat.
264 #1 - PRODUCTION, PUBLICATION, DISTRIBUTION, MANUFACTURE, AND COPYRIGHT NOTICE
Place of production, publication, distribution, manufacture Diliman, Quezon City :
Name of producer, publisher, distributor, manufacturer Institute of Human Rights, U.P. Law Center,
Date of production, publication, distribution, manufacture, or copyright notice 2018.
300 ## - PHYSICAL DESCRIPTION
Extent ix, 170 pages ;
Dimensions 23 cm.
336 ## - CONTENT TYPE
Source rdacontent
Content type term text
Content type code txt
337 ## - MEDIA TYPE
Source rdamedia
Media type term unmediated
Media type code n
338 ## - CARRIER TYPE
Source rdacarrier
Carrier type term volume
Carrier type code nc
505 0# - FORMATTED CONTENTS NOTE
Formatted contents note Introduction -- Understanding the problem -- The Philippine legal response to school bullying - Republic Act No. 10627, otherwise known as the anti-bullying act of 2013 -- Limitations and recommendations -- Conclusion.
520 ## - SUMMARY, ETC.
Summary, etc. "This book is a humble contribution of the University of the Philippine Law Center - Institute of Human Rights (IHR) towards the promotion and protection of the rights of the Child. It shatters the myth of bullying as a rite of passage for children in schools and sheds light on this oft-misunderstood concept. It further provides a critical analysis of the Anti-Bullying Act of 2013 and assists duty bearers in the performance of their obligations." -- Back cover.
546 ## - LANGUAGE NOTE
Language note In English.
650 #0 - SUBJECT ADDED ENTRY--TOPICAL TERM
Topical term or geographic name entry element Bullying in schools
General subdivision Law and legislation
Geographic subdivision Philippines.
650 #0 - SUBJECT ADDED ENTRY--TOPICAL TERM
Topical term or geographic name entry element Youth
General subdivision Legal status, laws, etc.
Geographic subdivision Philippines.
650 #0 - SUBJECT ADDED ENTRY--TOPICAL TERM
Topical term or geographic name entry element Bullying in schools
General subdivision Government policy
Geographic subdivision Philippines.
650 #0 - SUBJECT ADDED ENTRY--TOPICAL TERM
Topical term or geographic name entry element Youth
General subdivision Protection
Geographic subdivision Philippines.
942 ## - ADDED ENTRY ELEMENTS (KOHA)
Source of classification or shelving scheme Dewey Decimal Classification
Suppress in OPAC No
Koha item type Books
Classification part 342.599
Item part B147s
Call number prefix FIL
Call number suffix 2018
Holdings
Withdrawn status Lost status Source of classification or shelving scheme Damaged status Not for loan Home library Current library Shelving location Date acquired Total Checkouts Full call number Barcode Date last seen Copy number Price effective from Koha item type
    Dewey Decimal Classification     Main Library Main Library Filipiniana Section 01/21/2026   FIL 342.599 B147s 2018 031108 01/21/2026 1-1 01/21/2026 Books